000
00313nam a2200133 a 4500
001
4083
003
CDMR
005
20130116135251.0
008
130130s1987||||||||||||||||||||||||||||d
040
_a
CDMR
_b
cat
_c
CDMR
245
0
_a
Anuario RTVE 1987
260
_a
Madrid
_c
1987
_b
Radio Televisión Española
942
_c
MON
999
_c
4083
_d
4083